01638nam a2200229 a 4500008004100000020001800041041000800059092001700067100002400084245006100108250001100169260004100180300002100221500010200242505055100344590006200895655002100957942001300978999001500991952020101006952020101207190917e2016 ag |||g |||| 001 0 spa d a9789876466264 aspa c808l10sCAS1 aCastro, Lucas940286 aYa no anula la luna.bPoesía acumulada /cLucas Castro a1a ed. aCórdoba:bAlción editora;c2016. a86 p.c14x20 cm. aCastro, L. (2016). Ya no anula la luna. Poesía acumulada. (1a ed.). Cordoba : Alción editora. aEl primero de Lucas Castro, un libro a disposición del milagro de la poesía. Desde Cipolletti, su lugar en le mundo, Castro se arroja a la ambigüedad de la nombrada realidad. En esa brecha que hay entre los que hacen y los que deshacen la vida de la vida, Castro está con lo que sueñan a rajacincha. No el tiembla el pulso, asume el raro coraje de un primer libro que elige el despojo adjetivo. Se hace cargo de su ventana y mira viendo, con solidaria lucidez, la "transgresión/ insoportable/ de los que deben llevar/ ninguna cruz".  aProyecto 4to libro, Donación Aznarez Marina, marzo 2019 aLiteratura92917 2ddccLIT c2873d2873 00102ddc4070aBFMbBFMcCRd2019-03-06eDonación Marina Aznarez, marzo 2019l0o808 10 CASp4401r2019-03-06tEj. 1w2019-03-06yLITzProyecto 4to libro. Donación Marina Aznarez, marzo 2019 00102ddc4070aBFMbBFMcCRd2019-03-06eDonación Marina Aznarez, marzo 2019l0o808 10 CASp4402r2019-03-06tEj. 2w2019-03-06yLITzProyecto 4to libro. Donación Marina Aznarez, marzo 2019